Statistics for Countries Picture Puzzle Quiz

Click here to take the quiz!

General Stats

  • This quiz has been taken 105 times
  • The average score is 19 of 27

Answer Stats

Answer% Correct
Ear
93%
Jam
91%
Car
90%
Theresa {May}
87%
Jamaica
85%
Deer
83%
Crane
81%
Kiss
81%
Ukraine
80%
You
80%
Man
80%
Mane
75%
Bow
73%
Knee
69%
Gull
67%
Romania
65%
Row
65%
Port
61%
Two
61%
Portugal
58%
Cam
56%
Cambodia
56%
Germ
56%
Pack
55%
Pakistan
55%
Germany
54%
Tan
47%

Score Distribution

Percentile by Number Answered

Percent of People with Each Score

Your Score History

You have not taken this quiz